000 01155cam a22002771i 4500
003 SA-RiAUC
005 20251112124411.0
008 251109s2007 le g 000 0 ara c
040 _aSA-RiDKA
_bara
_cSA-RiAUC
_erda
082 0 4 _a254.14
_qSA-RiAUC
090 _a254.14
_bا ب ن س
100 1 _aابن سالم، أبو حمزة سعيد بن عبد القادر
_eمؤلف.
245 1 2 _aالكفاءة في النكاح بين العرف والشرع /
_cأبي حمزة سعيد بن عبد القادر بن سالم.
250 _aالطبعة الأولى.
264 1 _aبيروت :
_bدار ابن حزم،
_c2007
300 _a58 صفحة ؛
_c20 سم
336 _aنص
_btxt
_2rdacontent
_3كتاب
337 _aبدون وسيط
_bn
_2rdamedia
338 _aمجلد
_bnc
_2rdacarrier
650 7 _aالزواج (فقه إسلامي)
_2aucsh
650 7 _aالكفاءة في الزواج (فقه إسلامي)
_2aucsh
650 7 _aالأزواج والزوجات (فقه إسلامي)
_2aucsh
650 7 _aالزواج
_xجوانب اجتماعية
_2aucsh
942 _2ddc
_cBOOK
_n0
949 _aSA-JeALM
_d251109
_umohamedma123
_n1
999 _c13208
_d13208